00545nam a2200217 a 4500001001500000003000700015005001800022008004100040020000500081022000500086040001000091082000800101245004100109250001200150260003000162300001300192500000600205100002200211700000700233653008700240adlib96000001 ViArRB200902210153555.7960221s1955 dcuabcdjdbkoqu001 0deng d a a aAdlib a547 aRodd's chemistry of carbon compounds a2nd ed. aAmsterdambElsevierc1978 aV.1D-1c a  aRodd, E Heed. by aa aPhysical organic chemistryaOrganic chemistryaOrganic reactionsaCarbon compounds